| 000 | 00545nam a2200229 a 4500 | ||
|---|---|---|---|
| 001 | nice12345678 | ||
| 003 | IN_TiNIC | ||
| 005 | 20260116011928.0 | ||
| 008 | 050524s1950 kara grp 000 0 per | ||
| 020 |
_a _c100 |
||
| 082 | 0 | 0 |
_a891.51 _bATT2 |
| 100 | _aAttar, Shaikh Fariduddin | ||
| 245 | _aMasnavi Mazhar-Ul-Ajaib | ||
| 260 |
_aKarachi _bPanah Manzil _c1950 |
||
| 300 | _a391p | ||
| 500 | _aincludes index and biblioraphy | ||
| 505 | 2 | _aappendix | |
| 650 | _aPersian Poetry | ||
| 902 | _bSRS | ||
| 942 | _cBK | ||
| 999 |
_c4940 _d4940 |
||